000 005430000a22001690004500
090 _aAR
_b01717
245 1 0 _aEfect of proportion of cell-wall material from lucerne leaf meal on apparent digestibility, rate of passage and gut characteristics in pigs
650 1 4 _aFisiología animal
_99500
650 1 4 _aBioquímica
_993680
650 1 4 _aVeterinaria
_993538
650 1 4 _aCerdos
_950900
041 0 _aInglés
700 1 _aStanogias, G.
_995140
100 1 _aKuant, K. K.
_995141
942 _cARTICULO
773 1 _tPreprint
_33
_q201-209
_d1983
999 _c10796
_d10796